[Event "MTO"]
[Site "Biel SUI"]
[Date "2010.07.20"]
[Round "2"]
[White "Satta,V"]
[Black "Hauchard,A"]
[Result "0-1"]
[WhiteElo "2255"]
[BlackElo "2526"]
[EventDate "2010.07.19"]

1. c4 e5 2. g3 f5 3. Nf3 d6 4. d4 e4 5. Ng5 Be7 6. Nh3 Nf6 7. Nc3 O-O 8.
Bg2 c5 9. Nf4 Nc6 10. dxc5 dxc5 11. O-O Bd6 12. Nfd5 Be5 13. Bf4 Be6 14.
Bxe5 Nxe5 15. b3 Nxd5 16. cxd5 Bf7 17. Rc1 Qf6 18. Qd2 Rad8 19. Qe3 b6 20.
Rfd1 Rd7 21. Bh3 Bh5 22. Rf1 Rdd8 23. Rcd1 h6 24. Nb5 Rf7 25. Rd2 g5 26.
Kh1 Bg6 27. f4 exf3 28. exf3 f4 29. Qc3 fxg3 30. Be6 a6 31. Na3 Kg7 32.
Bxf7 Bxf7 33. Nc4 Nxc4 34. Qxf6+ Kxf6 35. bxc4 b5 36. cxb5 axb5 37. hxg3
Rxd5 38. Rfd1 Ke5 39. Kg2 c4 40. a3 c3 41. Rxd5+ Bxd5 42. Kf2 Bb3 43. Re1+
Kd4 44. Ke2 Bd5 45. Rh1 g4 46. Rd1+ Kc4 47. fxg4 c2 48. Rc1 Kc3 49. Ke3 Bf3
50. Kxf3 Kb2 51. Rxc2+ Kxc2 52. Kf4 Kb3 53. Kf5 Kxa3 54. Kg6 b4 55. Kxh6 b3
56. g5 b2 57. g6 b1=Q 58. g7 Qh1+ 59. Kg6 Qd5 60. Kh7 Qh5+ 61. Kg8 Qg4 62.
Kf8 Qf3+ 0-1

[Event "MTO"]
[Site "Biel SUI"]
[Date "2010.07.20"]
[Round "2"]
[White "Cebalo,M"]
[Black "De Filomeno,S"]
[Result "1-0"]
[WhiteElo "2500"]
[BlackElo "2250"]
[EventDate "2010.07.19"]

1. c4 Nf6 2. Nc3 c6 3. d4 d5 4. Nf3 e6 5. Bg5 h6 6. Bxf6 Qxf6 7. e3 Nd7 8.
Bd3 dxc4 9. Bxc4 g6 10. O-O Bg7 11. Qc2 O-O 12. Rad1 Qe7 13. a3 b5 14. Ba2
Bb7 15. e4 Rac8 16. Rfe1 e5 17. d5 cxd5 18. Bxd5 Nb6 19. Qb3 a6 20. a4 Nxa4
21. Nxa4 Bxd5 22. Rxd5 bxa4 23. Qxa4 Qb7 24. b3 Rfd8 25. Rxd8+ Rxd8 26. h4
Rb8 27. Rb1 Qb5 28. Qa2 Bf8 29. Qd2 Bb4 30. Qd1 1-0

[Event "MTO"]
[Site "Biel SUI"]
[Date "2010.07.20"]
[Round "2"]
[White "De Groote,E"]
[Black "Al Sayed,Mohammed"]
[Result "1-0"]
[WhiteElo "2251"]
[BlackElo "2498"]
[EventDate "2010.07.19"]

1. e4 c5 2. Nf3 d6 3. d4 cxd4 4. Nxd4 Nf6 5. Nc3 a6 6. Be3 Nbd7 7. f3 e6 8.
Qd2 b5 9. O-O-O Bb7 10. g4 Nb6 11. Qf2 Nfd7 12. Kb1 Rc8 13. Nce2 d5 14. e5
Nc4 15. f4 Nc5 16. Bg2 Qc7 17. Rhf1 Be7 18. Bc1 Ne4 19. Bxe4 dxe4 20. f5
Qxe5 21. fxe6 O-O 22. exf7+ Kh8 23. Qg2 Qc7 24. g5 e3 25. Qg4 Qe5 26. Rf5
Qe4 27. Nf4 1-0

[Event "MTO"]
[Site "Biel SUI"]
[Date "2010.07.20"]
[Round "2"]
[White "Bok,B"]
[Black "Al Tamimi,H"]
[Result "1-0"]
[WhiteElo "2449"]
[BlackElo "2243"]
[EventDate "2010.07.19"]

1. e4 c6 2. d4 d5 3. Nc3 dxe4 4. Nxe4 Bf5 5. Ng3 Bg6 6. h4 h6 7. Nf3 Nd7 8.
h5 Bh7 9. Bd3 Bxd3 10. Qxd3 e6 11. Bf4 Qa5+ 12. Bd2 Bb4 13. c3 Be7 14. c4
Qc7 15. O-O-O Ngf6 16. Kb1 O-O 17. Qe2 Rfe8 18. Ne4 Nxe4 19. Qxe4 Nf6 20.
Qe2 b5 21. c5 Qd7 22. Ka1 a5 23. g4 Nxg4 24. Rhg1 f5 25. Ne5 Qd5 26. Nxg4
fxg4 27. Bxh6 gxh6 28. Qxg4+ Bg5 29. f4 Rf8 30. fxg5 hxg5 31. Qxg5+ Qxg5
32. Rxg5+ Kh7 33. a3 Rad8 34. Re5 Rf6 35. Rde1 Rxd4 36. Rxe6 Rxe6 37. Rxe6
Rd5 38. Rxc6 Rxh5 39. a4 bxa4 40. Ka2 Kg7 41. Ka3 Rh4 42. Ra6 Kf7 43. Rxa5
Rc4 44. Rxa4 Rxc5 45. Re4 Ra5+ 46. Kb4 Ra8 47. Kc5 Kf6 48. b4 Kf5 49. Re1
Rc8+ 50. Kd6 Rb8 51. Rb1 Ke4 52. b5 Rh8 53. b6 Rh6+ 54. Kc5 Rh5+ 55. Kc6
Rh6+ 56. Kb5 Rh8 57. b7 1-0

[Event "MTO"]
[Site "Biel SUI"]
[Date "2010.07.20"]
[Round "2"]
[White "Bozinovic,Bog"]
[Black "Kaplan,S"]
[Result "0-1"]
[WhiteElo "2232"]
[BlackElo "2422"]
[EventDate "2010.07.19"]

1. d4 Nf6 2. Nf3 c5 3. e3 g6 4. Be2 Bg7 5. O-O O-O 6. b3 d5 7. Bb2 cxd4 8.
exd4 Nc6 9. c4 Bf5 10. Ne5 dxc4 11. Nxc6 bxc6 12. Bxc4 Nd5 13. Qd2 Nb6 14.
Be2 Qd7 15. Rd1 Rfd8 16. Qc1 Qe6 17. Bf3 Rac8 18. Re1 Qf6 19. Qc5 Qd6 20.
Qxd6 exd6 21. Na3 Nd5 22. Nc4 Nb4 23. Re7 Nd3 24. Bc3 c5 25. Rd1 d5 26. Na3
cxd4 27. Ba5 Re8 28. Rxe8+ Rxe8 29. Bxd5 Re5 30. g4 Rxd5 31. Nc4 Ne5 32.
Bc7 Bxg4 0-1

[Event "MTO"]
[Site "Biel SUI"]
[Date "2010.07.20"]
[Round "2"]
[White "Filipovic,Br"]
[Black "Nabavi,P"]
[Result "1-0"]
[WhiteElo "2415"]
[BlackElo "2208"]
[EventDate "2010.07.19"]

1. e4 e5 2. Nf3 Nc6 3. Bb5 a6 4. Bxc6 dxc6 5. O-O f6 6. d4 exd4 7. Nxd4 c5
8. Ne2 Qxd1 9. Rxd1 Bd7 10. Nbc3 O-O-O 11. Be3 Re8 12. Rd2 Bc6 13. Rad1 b6
14. a4 Ne7 15. a5 Kb7 16. axb6 cxb6 17. Nf4 Ng6 18. Nxg6 hxg6 19. Bf4 Kc8
20. f3 c4 21. Bd6 b5 22. Bxf8 Rhxf8 23. Nd5 a5 24. Nf4 g5 25. Rd6 Bb7 26.
Ne6 Rg8 27. c3 g4 28. Rb6 gxf3 29. gxf3 f5 30. exf5 Bxf3 31. Rdd6 b4 32.
cxb4 axb4 33. Rxb4 Re7 34. Rxc4+ Kb8 35. Rb6+ Rb7 36. Rxb7+ Bxb7 37. Kf2
Rh8 38. h4 Rh7 39. Ke3 Bd5 40. Rc5 1-0

[Event "MTO"]
[Site "Biel SUI"]
[Date "2010.07.20"]
[Round "2"]
[White "Kuhn,T"]
[Black "Nedilko,V"]
[Result "0-1"]
[WhiteElo "2218"]
[BlackElo "2408"]
[EventDate "2010.07.19"]

1. d4 Nf6 2. Nf3 g6 3. Bg5 Bg7 4. Nbd2 O-O 5. c3 d6 6. e4 c5 7. dxc5 dxc5
8. Bc4 Nc6 9. O-O h6 10. Bh4 Nh5 11. Re1 Qc7 12. Qc2 Bg4 13. Bg3 Nxg3 14.
hxg3 Na5 15. Be2 Rfd8 16. Nc4 Be6 17. Nxa5 Qxa5 18. Nd2 b5 19. a3 Qb6 20.
g4 Rac8 21. a4 b4 22. Nc4 Qc7 23. e5 Rd7 24. f4 Rcd8 25. Rad1 Rxd1 26. Rxd1
Rxd1+ 27. Qxd1 bxc3 28. bxc3 Qd7 29. Qb3 Kh7 30. Kf2 Bxg4 31. Bxg4 Qxg4 32.
g3 Qd7 33. Qb5 Qd3 34. Qxc5 Qxc3 35. Qd5 e6 36. Qe4 Bf8 37. g4 Bc5+ 38. Ke2
Kg7 39. Nd6 Qb2+ 40. Kd1 Bb4 41. Qd3 Qa1+ 42. Ke2 Qa2+ 43. Kf1 Qxa4 44. Qd4
Qa6+ 45. Kg2 Qc6+ 46. Kh2 Qc2+ 0-1

[Event "MTO"]
[Site "Biel SUI"]
[Date "2010.07.21"]
[Round "3"]
[White "Riazantsev,A"]
[Black "Cebalo,M"]
[Result "1-0"]
[WhiteElo "2682"]
[BlackElo "2500"]
[EventDate "2010.07.19"]

1. d4 Nf6 2. c4 e6 3. Nf3 c5 4. d5 d6 5. Nc3 exd5 6. cxd5 g6 7. Bf4 a6 8.
a4 Bg7 9. h3 O-O 10. e3 Ne8 11. Be2 Nd7 12. O-O Qe7 13. Nd2 Ne5 14. a5 Bd7
15. Qb3 Nc7 16. Nde4 Rfd8 17. Rfe1 Be8 18. Bg5 f6 19. Bh4 Nf7 20. Nd2 Rab8
21. Bf1 g5 22. Bg3 f5 23. f4 Qf6 24. Nf3 Nb5 25. Na4 h6 26. Bd3 Kh8 27. Qc2
1-0

[Event "MTO"]
[Site "Biel SUI"]
[Date "2010.07.21"]
[Round "3"]
[White "Hauchard,A"]
[Black "Kritz,L"]
[Result "1/2-1/2"]
[WhiteElo "2526"]
[BlackElo "2618"]
[EventDate "2010.07.19"]

1. c4 e5 2. g3 Nc6 3. Bg2 g6 4. Nc3 Bg7 5. e3 d6 6. Nge2 Nge7 7. d4 exd4 8.
Nxd4 Nxd4 9. exd4 Nf5 10. d5 Bxc3+ 11. bxc3 Qe7+ 12. Kf1 Bd7 13. Bf4 g5 14.
Bd2 O-O-O 15. Qf3 h5 16. Re1 Qf6 17. h4 g4 18. Qf4 Rde8 19. Be4 Re5 20. Kg2
Rhe8 21. Kh2 Qe7 22. Bd3 f6 23. Rb1 b6 24. Rhe1 Qf8 25. Kg1 Ne7 26. Qd4 Nf5
27. Qf4 Ne7 28. Qd4 Kb8 29. Be4 Bf5 30. Bxf5 Nxf5 31. Qd3 Qf7 32. Rxe5 fxe5
33. Re1 Rf8 34. Re2 Qg6 35. Qe4 Qe8 36. Qc2 Ne7 37. Bg5 Rf3 38. Re3 Rxe3
39. Bxe3 Qg6 40. Qa4 Nc8 41. Bg5 Qb1+ 42. Kg2 Qe4+ 43. Kg1 Qe1+ 44. Kg2
Qxc3 45. Qe8 Qf3+ 46. Kg1 Qd1+ 47. Kg2 Qf3+ 1/2-1/2

[Event "MTO"]
[Site "Biel SUI"]
[Date "2010.07.21"]
[Round "3"]
[White "Kaplan,S"]
[Black "Feller,S"]
[Result "0-1"]
[WhiteElo "2422"]
[BlackElo "2611"]
[EventDate "2010.07.19"]

1. e4 Nc6 2. Nf3 d5 3. exd5 Qxd5 4. Nc3 Qa5 5. d4 Bg4 6. Bb5 O-O-O 7. Bxc6
bxc6 8. Qd3 c5 9. d5 e6 10. Bd2 c4 11. Qxc4 Bxf3 12. gxf3 exd5 13. Qg4+ Kb8
14. O-O-O Nf6 15. Qf5 Bb4 16. a3 d4 17. Qxa5 Bxa5 18. Ne4 Nxe4 19. fxe4 Bb6
20. f3 Rd6 21. Rhg1 Rg6 22. Bf4 Kc8 23. Be5 f6 24. Bg3 d3 25. Rge1 dxc2 26.
Rd2 h5 27. Bf4 h4 28. h3 Rg3 29. Bxg3 hxg3 30. Kxc2 Rxh3 31. Ree2 g5 32.
Rg2 Be3 33. Rde2 Bf4 34. Re1 Kd7 35. Kd3 Ke6 36. Ke2 Be5 37. b3 Bd6 38. a4
Ke5 39. Rd1 Kf4 40. Rd5 Be5 41. Rd1 c5 42. a5 Bd4 43. b4 Rh2 44. Rxh2 gxh2
45. Rh1 Kg3 46. b5 c4 0-1

[Event "MTO"]
[Site "Biel SUI"]
[Date "2010.07.21"]
[Round "3"]
[White "Mikhalevski,V"]
[Black "Nezad,H"]
[Result "1-0"]
[WhiteElo "2610"]
[BlackElo "2398"]
[EventDate "2010.07.19"]

1. d4 d5 2. c4 e6 3. Nf3 Nf6 4. g3 Bb4+ 5. Bd2 Bd6 6. Nc3 O-O 7. Qc2 c6 8.
e4 dxe4 9. Nxe4 Nxe4 10. Qxe4 Nd7 11. O-O-O Nf6 12. Qc2 b6 13. Bg2 Bb7 14.
Rhe1 a5 15. Ne5 Qc7 16. Bf4 Nd7 17. Kb1 Rad8 18. Bg5 Rb8 19. Be4 h6 20. Bf4
Rbd8 21. Nxd7 Rxd7 22. Bxd6 Rxd6 23. c5 Rd7 24. cxb6 Qxb6 25. Qc5 Qd8 26.
f4 Re8 27. Bxc6 Bxc6 28. Qxc6 Ree7 29. Qc4 Rd6 30. f5 e5 31. d5 Rc7 32. Qe4
f6 33. Re2 Rc5 34. Red2 Kh8 35. g4 Qb6 36. h4 Qb4 37. Qxb4 axb4 38. Rc1
Rcxd5 39. Rxd5 Rxd5 40. Rc4 Rb5 41. Kc2 b3+ 42. axb3 Kg8 43. b4 Kf8 44. Kb3
Rb7 45. Ka4 Re7 46. b5 e4 47. b6 e3 48. Kb5 e2 49. Rc1 Ke8 50. Ka6 1-0

[Event "MTO"]
[Site "Biel SUI"]
[Date "2010.07.21"]
[Round "3"]
[White "Nedilko,V"]
[Black "Pelletier,Y"]
[Result "1/2-1/2"]
[WhiteElo "2408"]
[BlackElo "2589"]
[EventDate "2010.07.19"]

1. d4 Nf6 2. c4 e6 3. Nf3 b6 4. g3 Bb7 5. Bg2 Be7 6. O-O O-O 7. Re1 d5 8.
cxd5 exd5 9. Nc3 c5 10. Bf4 Nbd7 11. dxc5 Nxc5 12. Nd4 Qd7 13. Qc2 Nce4 14.
Qb3 Rac8 15. Rac1 Bc5 16. Rcd1 Ba6 17. Nxe4 dxe4 18. Be3 Rfd8 19. a3 h6 20.
Rd2 Qe8 21. Bh3 Rb8 22. Red1 Nd5 23. Nf5 Nxe3 24. Nxe3 Rxd2 25. Rxd2 Rd8
26. Qd1 Rxd2 27. Qxd2 Qe5 28. Qd8+ Bf8 29. Qd2 h5 30. Bd7 g6 31. Kg2 Bh6
32. b4 Bb7 33. b5 Qc5 34. a4 Qc7 35. Bc6 1/2-1/2

[Event "MTO"]
[Site "Biel SUI"]
[Date "2010.07.21"]
[Round "3"]
[White "Klauser,M"]
[Black "Gleizerov,E"]
[Result "1-0"]
[WhiteElo "2362"]
[BlackElo "2573"]
[EventDate "2010.07.19"]

1. e4 e6 2. d4 d5 3. Nc3 Nf6 4. Bg5 Be7 5. e5 Nfd7 6. h4 c5 7. Bxe7 Kxe7 8.
Qd2 Nc6 9. dxc5 Nxc5 10. O-O-O Qa5 11. f4 Nd7 12. Bb5 Kf8 13. f5 Ndxe5 14.
f6 gxf6 15. Qh6+ Ke7 16. Nh3 d4 17. Rhf1 Nd7 18. Bxc6 bxc6 19. Rxd4 Ba6 20.
Rfd1 Rad8 21. Ne4 Qe5 22. Qd2 Bc8 23. Nd6 Ba6 24. Nxf7 Kxf7 25. Rxd7+ Rxd7
26. Qxd7+ Kg6 27. h5+ Kh6 28. Qd2+ Kxh5 29. Re1 Qf5 30. Rh1 Qe5 31. g4+ Kh4
32. Qf2+ Kxg4 33. Rg1+ Kh5 34. Nf4+ 1-0

[Event "MTO"]
[Site "Biel SUI"]
[Date "2010.07.21"]
[Round "3"]
[White "Pavlovic,Milos"]
[Black "Naarden,A"]
[Result "1-0"]
[WhiteElo "2534"]
[BlackElo "2064"]
[EventDate "2010.07.19"]

1. e4 e5 2. Bc4 Nc6 3. Nf3 d6 4. d4 Bg4 5. d5 Nd4 6. Be3 Nxf3+ 7. gxf3 Bd7
8. Nc3 g6 9. Qd2 Bg7 10. O-O-O a6 11. f4 b5 12. Bd3 exf4 13. Bxf4 Qf6 14.
Kb1 b4 15. e5 dxe5 16. Bxe5 Qxe5 17. Rhe1 1-0

[Event "MTO"]
[Site "Biel SUI"]
[Date "2010.07.21"]
[Round "3"]
[White "Kelecevic,N"]
[Black "Roiz,M"]
[Result "0-1"]
[WhiteElo "2294"]
[BlackElo "2645"]
[EventDate "2010.07.19"]

1. d4 d5 2. Nf3 c6 3. Bf4 Bg4 4. Nbd2 Nf6 5. e3 e6 6. Bd3 Bd6 7. Bg3 O-O 8.
O-O Bxg3 9. hxg3 Qb6 10. Qb1 c5 11. dxc5 Qxc5 12. c3 Nc6 13. e4 Bxf3 14.
Nxf3 Rad8 15. exd5 Rxd5 16. Qc2 Rfd8 17. Rad1 a5 18. a3 h6 19. b4 axb4 20.
axb4 Qb6 21. Be2 Rc8 22. b5 Ne7 23. Nd2 Rdc5 24. Ne4 Nxe4 25. Qxe4 Nd5 26.
Bd3 g6 27. Qh4 Nxc3 28. Bxg6 fxg6 29. g4 Nxd1 30. Qf6 Rg5 0-1

[Event "MTO"]
[Site "Biel SUI"]
[Date "2010.07.21"]
[Round "3"]
[White "Golod,V"]
[Black "Van der Heijden,T"]
[Result "1-0"]
[WhiteElo "2585"]
[BlackElo "2162"]
[EventDate "2010.07.19"]

1. d4 Nf6 2. c4 e6 3. Nc3 Bb4 4. Qc2 O-O 5. e4 c5 6. a3 Ba5 7. e5 Ng4 8. h3
Qh4 9. Nf3 Qh5 10. Rg1 Nh2 11. Nxh2 cxd4 12. Be2 dxc3 13. b4 Qxe5 14. Nf3
Qc7 15. Qxc3 Bb6 16. Bb2 f6 17. c5 d5 18. cxb6 Qxb6 19. Rc1 Nc6 20. b5 Na5
21. g4 e5 22. g5 d4 23. Qb4 Bf5 24. gxf6 Qxf6 25. Nxe5 Rae8 26. Bxd4 Rxe5
27. Bxe5 Qxe5 28. Qxa5 Bd3 29. Qd2 Bxb5 30. Rg5 1-0

[Event "MTO"]
[Site "Biel SUI"]
[Date "2010.07.21"]
[Round "3"]
[White "Maze,S"]
[Black "Grandadam,N"]
[Result "1-0"]
[WhiteElo "2573"]
[BlackElo "2249"]
[EventDate "2010.07.19"]

1. e4 c5 2. c3 d5 3. exd5 Qxd5 4. d4 Nf6 5. Nf3 Bg4 6. Be2 e6 7. Na3 Nc6 8.
h3 Bh5 9. O-O cxd4 10. Nb5 O-O-O 11. Nbxd4 Bc5 12. Qa4 Bxd4 13. cxd4 Nxd4
14. Nxd4 Qxd4 15. Qc2+ Kb8 16. Be3 Qe5 17. Qa4 Qxe3 18. fxe3 Bxe2 19. Rf2
Bd3 20. Rd1 Bg6 21. Qf4+ Ka8 22. Rxd8+ Rxd8 23. Qc7 Rb8 24. Rd2 Nd5 25. Qe5
Nf6 26. a4 a6 27. b4 Be4 28. b5 Bd5 29. Rd4 Nd7 30. Qd6 Nf6 31. bxa6 Ne4
32. Qb6 1-0

[Event "MTO"]
[Site "Biel SUI"]
[Date "2010.07.21"]
[Round "3"]
[White "Partenheimer,A"]
[Black "Kosintseva,N"]
[Result "0-1"]
[WhiteElo "2186"]
[BlackElo "2551"]
[EventDate "2010.07.19"]

1. Nf3 d5 2. d4 Nf6 3. c4 e6 4. g3 Bb4+ 5. Bd2 Be7 6. Bg2 O-O 7. O-O c6 8.
Qc2 b6 9. Rd1 Ba6 10. Ne5 Nfd7 11. Nxd7 Nxd7 12. cxd5 cxd5 13. Nc3 Rc8 14.
e3 Bc4 15. Rdc1 Nb8 16. e4 dxe4 17. Qxe4 Nd7 18. Bf4 Nf6 19. Qb7 Nh5 20.
Be3 Rc7 21. Qf3 Nf6 22. Qf4 Rd7 23. Rc2 Ba6 24. a3 Bb7 25. Bxb7 Rxb7 26.
Rac1 Rd7 27. Qf3 h6 28. Kg2 a6 29. Kg1 b5 30. Qc6 Rd6 31. Qf3 Qa8 32. Qxa8
Rxa8 33. Kg2 Kf8 34. Kf3 Rc8 35. g4 Ke8 0-1

[Event "MTO"]
[Site "Biel SUI"]
[Date "2010.07.21"]
[Round "3"]
[White "Donchenko,An"]
[Black "Miatello,A"]
[Result "1-0"]
[WhiteElo "2378"]
[BlackElo "2001"]
[EventDate "2010.07.19"]

1. d4 Nf6 2. Nf3 g6 3. g3 Bg7 4. Bg2 O-O 5. O-O d5 6. c4 dxc4 7. Na3 Nc6 8.
Nxc4 Be6 9. b3 Bd5 10. Bb2 a5 11. Ne3 Be4 12. a3 Nd5 13. Nc4 Nf6 14. Ncd2
Bf5 15. Re1 Ne4 16. Nc4 Nd6 17. d5 Bxb2 18. Nxb2 Na7 19. Nh4 Bd7 20. e4 c6
21. e5 Nf5 22. Nxf5 Bxf5 23. Nc4 cxd5 24. Qxd5 Qxd5 25. Bxd5 Nc6 26. e6
fxe6 27. Bxe6+ Bxe6 28. Rxe6 Rad8 29. Re3 Rd4 30. a4 Rf5 31. Rae1 b5 32.
axb5 Rxb5 33. Re6 Rc5 34. Ne5 Nxe5 35. R1xe5 Rxe5 36. Rxe5 Rb4 37. Rxe7
Rxb3 38. Ra7 Ra3 39. g4 g5 40. Kg2 a4 41. Ra5 h6 42. Ra7 Kh8 43. f3 Ra2+
44. Kg3 Ra3 45. Rf7 Ra2 46. h4 gxh4+ 47. Kxh4 Rh2+ 48. Kg3 Ra2 49. Ra7 a3
50. Kf4 Ra1 51. Kf5 a2 52. Kg6 1-0

[Event "MTO"]
[Site "Biel SUI"]
[Date "2010.07.21"]
[Round "3"]
[White "Duschek,V"]
[Black "Mensch,E"]
[Result "0-1"]
[WhiteElo "2269"]
[BlackElo "2366"]
[EventDate "2010.07.19"]

1. e4 c5 2. Nf3 Nc6 3. d4 cxd4 4. Nxd4 g6 5. Nc3 Bg7 6. Be3 Nf6 7. Bc4 O-O
8. Bb3 a5 9. O-O d6 10. h3 Nxd4 11. Bxd4 Bd7 12. a4 Bc6 13. Qd3 Nd7 14.
Bxg7 Kxg7 15. Bc4 Qb6 16. Bb5 Ne5 17. Qe2 f5 18. exf5 gxf5 19. Kh1 f4 20.
f3 Rf6 21. Rad1 Kh8 22. Nd5 Bxd5 23. Rxd5 Rg8 24. c4 Qc7 25. c5 Rg3 26. Qd2
Qc8 27. cxd6 exd6 28. Kh2 Rh6 29. Qxf4 Qxh3+ 0-1

[Event "MTO"]
[Site "Biel SUI"]
[Date "2010.07.21"]
[Round "3"]
[White "Zarri,F"]
[Black "Kamber,B"]
[Result "0-1"]
[WhiteElo "2010"]
[BlackElo "2302"]
[EventDate "2010.07.19"]

1. d4 d5 2. c4 dxc4 3. Nf3 e6 4. Nc3 a6 5. a4 Nf6 6. e3 c5 7. Bxc4 Nc6 8.
O-O Be7 9. dxc5 Qc7 10. Qe2 Bxc5 11. Rd1 O-O 12. e4 Ng4 13. Rf1 Nd4 0-1

[Event "MTO"]
[Site "Biel SUI"]
[Date "2010.07.21"]
[Round "3"]
[White "Al Sayed,Mohammed"]
[Black "Kuhn,T"]
[Result "1/2-1/2"]
[WhiteElo "2498"]
[BlackElo "2218"]
[EventDate "2010.07.19"]

1. d4 d5 2. c4 c6 3. Nc3 dxc4 4. e4 b5 5. a4 b4 6. Na2 Nf6 7. e5 Nd5 8.
Bxc4 e6 9. Nf3 a5 10. Ng5 h6 11. Ne4 Ba6 12. b3 Nb6 13. Bxa6 Nxa6 14. Be3
Qd5 15. Qc2 Nxa4 16. O-O Be7 17. Nc1 Nb6 18. Ne2 O-O 19. Nc5 Qd8 20. Nb7
Qc7 21. Nxa5 c5 22. Rfc1 Nd5 23. Qe4 Nb8 24. Nc4 Nd7 25. Nf4 Rxa1 26. Rxa1
Nc3 27. Qf3 cxd4 28. Bxd4 Nb5 29. Bb2 Rd8 30. Rc1 Nc5 31. g3 Qb7 32. Qxb7
Nxb7 33. Rc2 Nc5 34. Na5 Bf8 35. Kg2 Ra8 36. Nc6 Na3 37. Re2 Nxb3 38. Nd3
Ra4 39. Ncxb4 Bxb4 40. Nxb4 Rxb4 41. Bxa3 Ra4 42. Bd6 Na5 43. Rc2 Nc4 44.
Rc3 1/2-1/2

[Event "MTO"]
[Site "Biel SUI"]
[Date "2010.07.21"]
[Round "3"]
[White "Nabavi,P"]
[Black "Paikidze,N"]
[Result "0-1"]
[WhiteElo "2208"]
[BlackElo "2346"]
[EventDate "2010.07.19"]

1. d4 Nf6 2. Nf3 e6 3. e3 d5 4. Be2 c5 5. O-O Nc6 6. b3 cxd4 7. Nxd4 Be7 8.
Bb2 O-O 9. c4 Nxd4 10. Qxd4 dxc4 11. Bxc4 Qa5 12. Qd2 Qh5 13. Qe2 Qh6 14.
Nd2 b6 15. Rfd1 Bb7 16. Ba6 Bxa6 17. Qxa6 Nd5 18. Nf3 Bf6 19. Bd4 Rfd8 20.
Rac1 g5 21. h3 Qg7 22. Bxf6 Qxf6 23. Rd4 h6 24. Rdc4 Kg7 25. Kf1 Qg6 26. e4
Nf4 27. Qa3 Nd3 28. Rd1 b5 29. Rc7 b4 30. Qa5 Qxe4 31. Rxa7 Rac8 32. Rc7
Ra8 33. Ra7 Rxa7 34. Qxa7 Rd5 35. Qe3 Nxf2 36. Qxe4 Nxe4 37. Rc1 Nc3 38.
Rc2 Ra5 0-1

[Event "MTO"]
[Site "Biel SUI"]
[Date "2010.07.21"]
[Round "3"]
[White "Kolbus,D"]
[Black "Donchenko,Alexa"]
[Result "1/2-1/2"]
[WhiteElo "2343"]
[BlackElo "2174"]
[EventDate "2010.07.19"]

1. d4 Nf6 2. c4 e6 3. Nf3 b6 4. a3 Bb7 5. Nc3 Be7 6. Bg5 Ne4 7. Nxe4 Bxe4
8. Bxe7 Qxe7 9. e3 O-O 10. Bd3 Bxd3 11. Qxd3 d6 12. O-O Nd7 13. e4 e5 14.
d5 a5 15. b4 Ra7 16. Nd2 Rfa8 17. Rab1 h6 18. Rb3 axb4 19. axb4 Nf6 20. Nb1
Qd7 21. Nc3 Ra3 22. Qc2 Rxb3 23. Qxb3 Qc8 24. Rb1 Qa6 25. f3 Ne8 26. Kf2
Kf8 27. Ke2 Qa3 28. Qxa3 Rxa3 29. Kd2 Ke7 30. Kc2 Kd7 31. Kb2 Ra8 32. Kb3
Nf6 33. Rf1 Nh5 34. g3 g5 35. Rc1 Ng7 36. Rg1 Nh5 37. Rf1 Ke7 38. Nb5 Kd7
39. Na3 Nf6 40. h3 Nh5 41. Rg1 Rf8 42. Kb2 Nf6 43. Nb5 Ra8 44. Nc3 Ng8 45.
f4 f6 46. Rf1 gxf4 47. gxf4 Re8 48. f5 Ne7 49. Rg1 Rg8 50. Rxg8 Nxg8 51.
Kc2 Ne7 52. b5 Ng8 53. Kd3 h5 54. h4 Nh6 55. Ne2 Ng4 56. Ng3 Ke7 57. Ke2
Kf7 58. Nxh5 Nh2 59. Ng3 Kg7 60. Nh5+ Kf7 61. Kf2 Ng4+ 62. Kf3 Nh6 63. Ng3
Ke7 64. Nf1 Ke8 65. Ne3 Kf7 66. Nc2 Ke7 67. Nb4 Ke8 68. Kg3 Kd8 69. Na6 Kd7
70. Kh3 Kd8 71. Nb8 Kc8 72. Nc6 Kd7 73. Nb4 Kd8 74. Nd3 Ke7 75. Ne1 Kf7 76.
Nf3 Kg7 77. Ng5 fxg5 78. hxg5 Ng8 79. Kg4 Kf7 80. Kh5 Kg7 81. Kg4 Kf7 82.
Kh4 Kg7 83. Kh5 Kf7 84. f6 Nxf6+ 85. gxf6 Kxf6 86. Kh6 Kf7 87. Kh7 Kf6 88.
Kh6 Kf7 89. Kg5 Kg7 90. Kf5 Kf7 91. Kg5 1/2-1/2

[Event "MTO"]
[Site "Biel SUI"]
[Date "2010.07.22"]
[Round "4"]
[White "Mikhalevski,V"]
[Black "Riazantsev,A"]
[Result "1/2-1/2"]
[WhiteElo "2610"]
[BlackElo "2682"]
[EventDate "2010.07.19"]

1. d4 Nf6 2. c4 e6 3. g3 d5 4. Nf3 Bb4+ 5. Bd2 Be7 6. Bg2 c6 7. Qc2 O-O 8.
O-O Nbd7 9. Rd1 b6 10. Bf4 Ba6 11. Ne5 Rc8 12. cxd5 cxd5 13. Nc6 Bb5 14.
Nxe7+ Qxe7 1/2-1/2

[Event "MTO"]
[Site "Biel SUI"]
[Date "2010.07.22"]
[Round "4"]
[White "Ulibin,M"]
[Black "Lysyj,I"]
[Result "1/2-1/2"]
[WhiteElo "2540"]
[BlackElo "2631"]
[EventDate "2010.07.19"]

1. e4 e6 2. d4 d5 3. e5 c5 4. c3 Nc6 5. Nf3 Bd7 6. Be2 Nge7 7. Na3 cxd4 8.
cxd4 Nf5 9. Nc2 Nb4 10. Nxb4 Bxb4+ 11. Bd2 Qa5 12. Bxb4 Qxb4+ 13. Qd2 Qxd2+
14. Kxd2 f6 1/2-1/2

[Event "MTO"]
[Site "Biel SUI"]
[Date "2010.07.22"]
[Round "4"]
[White "Bauer,Ch"]
[Black "Pavlovic,Milos"]
[Result "1/2-1/2"]
[WhiteElo "2612"]
[BlackElo "2534"]
[EventDate "2010.07.19"]

1. e4 c5 2. Nf3 e6 3. c3 Nf6 4. e5 Nd5 5. g3 Nc6 6. Bg2 d6 7. exd6 Bxd6 8.
O-O O-O 9. Na3 b6 10. Qe2 Bb7 11. d3 Qd7 12. Nc4 Bc7 13. a4 Rad8 14. Rd1
Rfe8 15. Bg5 f6 16. Bd2 e5 17. Be1 Ba6 18. Nfd2 f5 19. a5 Bb7 20. axb6 axb6
21. Na3 Nf6 22. Ndc4 Rb8 23. Bd2 f4 24. Be1 Nd8 25. Nd2 Bxg2 26. Kxg2 Ne6
27. Ne4 Rf8 28. f3 Nd5 29. Bd2 h5 30. Nc2 fxg3 31. hxg3 h4 32. c4 Ne7 33.
g4 Ng6 34. Kh1 Rbd8 35. Bg5 Ra8 36. Rxa8 Rxa8 37. Ne3 Nd4 38. Qg2 Rf8 39.
Rf1 Bd8 40. Nd5 Bxg5 41. Nxg5 Qd8 42. Nh3 Qd6 43. Ng5 Qd8 44. Nh3 Qd6 45.
Ng5 1/2-1/2

[Event "MTO"]
[Site "Biel SUI"]
[Date "2010.07.22"]
[Round "4"]
[White "Feller,S"]
[Black "Klauser,M"]
[Result "1-0"]
[WhiteElo "2611"]
[BlackElo "2362"]
[EventDate "2010.07.19"]

1. Nf3 Nf6 2. c4 b6 3. d4 e6 4. g3 Ba6 5. b3 Bb4+ 6. Bd2 Be7 7. Nc3 O-O 8.
Rc1 Ba3 9. Rc2 Nc6 10. Bg5 h6 11. Bxf6 Qxf6 12. Bg2 Bb4 13. O-O Bxc3 14.
Rxc3 Rad8 15. Qd2 e5 16. dxe5 Nxe5 17. Nd4 Nc6 18. Nc2 Ne7 19. Rd1 Rfe8 20.
e4 Qg6 21. Rd3 Bc8 22. f4 d6 23. Ne3 Bb7 24. e5 Bxg2 25. Qxg2 Nf5 26. Nd5
Rd7 27. g4 Ne7 28. f5 Qg5 29. h4 Qxh4 30. e6 fxe6 31. fxe6 Rdd8 32. Rf1 c6
33. Rh3 Qg5 34. Rh5 Qg6 35. Nf4 Qf6 36. g5 Qd4+ 37. Qf2 Qxf2+ 38. Rxf2 Rf8
39. gxh6 g6 40. h7+ Kh8 41. Rhh2 d5 42. cxd5 cxd5 43. Nh3 Rxf2 44. Rxf2 Nf5
45. Ng5 Rc8 46. Rh2 Rc1+ 47. Kg2 Nd6 48. Rh6 Rc2+ 49. Kf3 Rc8 50. Rxg6 Rf8+
51. Kg4 Ne4 52. Nxe4 Kxh7 53. e7 Re8 54. Nf6+ Kxg6 55. Nxe8 Kf7 56. Nc7
Kxe7 57. Nxd5+ Kd6 58. Nb4 Kc5 59. Nc2 a5 60. Kf3 1-0

[Event "MTO"]
[Site "Biel SUI"]
[Date "2010.07.22"]
[Round "4"]
[White "Roiz,M"]
[Black "Hauchard,A"]
[Result "1/2-1/2"]
[WhiteElo "2645"]
[BlackElo "2526"]
[EventDate "2010.07.19"]

1. d4 d6 2. Nf3 g6 3. c4 Bg7 4. Nc3 e5 5. e4 Nc6 6. Bg5 f6 7. Be3 Nh6 8.
dxe5 dxe5 9. Qxd8+ Kxd8 10. O-O-O+ Bd7 11. h3 Nf7 12. c5 Kc8 13. Bc4 Ncd8
14. b4 Be6 15. Nd2 c6 16. Kc2 Bxc4 17. Nxc4 Ne6 18. g3 f5 19. exf5 gxf5 20.
Rhe1 Rd8 21. f4 exf4 22. Bxf4 Nxf4 23. gxf4 Rxd1 24. Nxd1 Kd7 25. Nde3 Ke6
26. Ng4+ Kd7 27. Nge5+ Nxe5 28. Nxe5+ Kc7 29. Nc4 Kd7 30. Rd1+ Kc7 31. Re1
Kd7 32. Nd6 Rf8 33. Nxb7 Bh6 34. Rd1+ Kc7 35. Na5 Bxf4 36. Re1 Kd7 37. Rd1+
Kc7 38. Re1 Kd7 39. Rd1+ 1/2-1/2

[Event "MTO"]
[Site "Biel SUI"]
[Date "2010.07.22"]
[Round "4"]
[White "Kritz,L"]
[Black "Nedilko,V"]
[Result "1/2-1/2"]
[WhiteElo "2618"]
[BlackElo "2408"]
[EventDate "2010.07.19"]

1. e4 c5 2. Nf3 d6 3. c3 Nf6 4. h3 g6 5. Bd3 Bg7 6. O-O O-O 7. Bc2 e5 8. d3
Nc6 9. a3 h6 10. b4 Be6 11. Be3 cxb4 12. axb4 a6 13. Nbd2 d5 14. Qb1 b5 15.
Nb3 Nd7 16. Nc5 Nxc5 17. Bxc5 Re8 18. Rd1 d4 19. cxd4 Nxd4 20. Nxd4 exd4
21. Bb3 Be5 22. Bxe6 Rxe6 23. Qb2 Rc6 24. Rf1 g5 25. g3 Rac8 26. Qe2 a5 27.
Qh5 a4 28. f4 gxf4 29. gxf4 Rg6+ 30. Kh1 Bg7 31. f5 Rg5 32. Qf3 Be5 33. f6
Kh8 34. h4 Rg6 35. Qf5 Qc7 36. Bb6 Qb8 37. Ba7 Qc7 38. Bb6 Qb8 39. Ba7
1/2-1/2